000 00564nam a2200205 a 4500
005 20180803165035.0
008 150806b xxu||||| |||| 00| 0 spa d
040 _aCO-BoIAVH
_cCO-BoIAVH
041 _aeng
090 _aRE
_b00022
100 _aNeufeldt, Victoria
_936698
245 _aWebster's New World college dictionary
250 _a3 ed.
260 _aNew York
_bSimon and Shuster, Inc.
_c1995
300 _a1574 p.
650 _aDiccionarios
_992264
650 _aLengua inglesa
_936700
700 _aGuralnik, David B.
_936701
942 _cLIBRO
_2ddc
_01
999 _c2772
_d2772